United States Cities by Number of Letters - Statistics

General Stats
  • This quiz has been taken 461 times
  • The average score is 8 of 11
Answer Stats
Letters
long
Number of valid
answers
Answer(s) % Correct
7 21 New York | Chicago | Houston | Atlanta | Detroit | Seattle | Phoenix | Orlando | St. Louis | San Juan | Raleigh | Memphis | Buffalo | McAllen | Madison | Spokane | Wichita | Jackson | Augusta | Palm Bay | Lansing
99%
6 11 Boston | Dallas | Denver | Austin | Fresno | Albany | Tucson | Dayton | El Paso | Toledo | Mobile
96%
10 19 Los Angeles | Washington | Sacramento | Pittsburgh | San Antonio | Kansas City | Cincinnati | Greensboro | Louisville | New Orleans | Greenville | Birmingham | Harrisburg | Little Rock | Baton Rouge | Charleston | Huntsville | Youngstown
96%
12 8 San Francisco | Philadelphia | Salt Lake City | Indianapolis | Jacksonville | Oklahoma City | Fayetteville
95%
5 5 Miami | Tampa | Tulsa | Omaha | Boise
90%
8 13 San Diego | Portland | Columbus | Las Vegas | Hartford | Richmond | Honolulu | Columbia | Syracuse | Savannah | Scranton
88%
9 18 Cleveland | Charlotte | Nashville | Milwaukee | Rochester | Cape Coral | Knoxville | North Port | Des Moines | Allentown | South Bend | Lexington | Fort Wayne | Lafayette | Lancaster | Pensacola | Asheville | Kalamazoo
74%
11 8 Minneapolis | Grand Rapids | Albuquerque | Chattanooga | Bakersfield | Springfield | Myrtle Beach | Johnson City
70%
4 1 Reno
35%
13 2 Virginia Beach | Corpus Christi
24%
15 1 Colorado Springs
14%
No matching quizzes found
Score Distribution
Percent of People with Each Score
Percentile by Number Answered
Your Score History
You have not taken this quiz